[Event "Deutsche Ländermeisterschaft 2003"]
[Site "Kassel GER"]
[Date "2003.10.22"]
[Round "5"]
[White "Demmler, Julia"]
[Black "Anton, Florian"]
[Result "1-0"]
[Termination "normal"]
[Board "6.8"]
[WhiteElo "1156"]
[BlackElo "890"]
[WhiteTeam "Sachsen"]
[BlackTeam "Mecklenburg-Vorpommern"]
[PlyCount "78"]
[EventCountry "GER"]
[EventRounds "7"]
[EventType "team-swiss"]
[EventDate "2003.10.18"]

1. e4 e5 2. Nf3 Nf6 3. Nc3 Bb4 4. d3 d6 5. a3 Ba5 6. Bg5 Bg4 7. h3 Bh5 8. Be2
Bxf3 9. Bxf3 h6 10. Bh4 g5 11. Bg3 Nc6 12. Qd2 Qd7 13. O-O-O O-O-O 14. h4 g4
15. Be2 h5 16. f4 Rde8 17. f5 Nd4 18. Be1 Bxc3 19. bxc3 Nb5 20. c4 Nxa3 21. Qb4
Nxc2 22. Kxc2 a6 23. Rb1 Qc6 24. Kd2 Nd7 25. Bf2 Nc5 26. Bd1 Rd8 27. Be2 Rd7
28. Rb2 Rhd8 29. Rhb1 b6 30. Ra2 Qb7 31. Qa3 a5 32. Qb2 f6 33. Bxc5 dxc5 34.
Rxa5 Rd6 35. Ra4 Kd7 36. Ke3 Ke7 37. g3 R6d7 38. Qb5 Kd6 39. Ra3 Re7 {Rest
unleserlich} 1-0